| 000 | 00494nab a2200145Ia 4500 | ||
|---|---|---|---|
| 003 | ES-SlBCS | ||
| 005 | 20210601132846.0 | ||
| 008 | 140529s1955 xxu||||| |||| 00| 0 ita d | ||
| 041 | _aita | ||
| 100 | 1 |
_aBerni, Mario _9199582 |
|
| 245 | 0 | 0 |
_aIl problema dell'attività estetica negli ultimi scritti (inediti) di Giuseppe Zamboni _c Mario Berni |
| 600 | 1 |
_aZamboni, Giuseppe-Estética _9199583 |
|
| 773 | 0 |
_tGiornali di Metafisica _gvol. 10, nº. 6, 1955, págs. 866-885 _w0017-0372 |
|
| 942 | _cAR | ||
| 999 |
_c586778 _d586778 |
||